00485nam a22001577a 450000500170000001000150001702000260003203500140005803700130007208200150008510000180010024500590011826000410017727000750021830000340029320220420145215.0 aENG-132338 a9788193750117c595.00 aEN-115871 bDBAD/PUB a796.358092 aWilknis, Alan aEasier Said Than Done:bA Life In Sport/cAlan Wilkins aNew DelhibRoli Books Pvt. Ltdc2018 aM-75, Greater Kailash II MarketbNew Delhie110048minfo@rolibooks.com axvii, 278p.bIndexc24cm(hbk)